000 00847nam a2200253Ia 4500
003 OSt
005 20220923211249.0
006 a|||||r|||| 00| 0
007 ta
008 220922b |||||||| |||| 00| 0 hin d
020 _a9788178562452
_c200
024 _a272,821
037 _b665, 03/06/2013, H.K. Prakashan
_cTextual
040 _aARTS
_cARTS
_bhin
041 _2hin
_ahin
082 _aO152,1G70:g, 153Q3
100 _aਇਕਬਾਲ ਕੌਰ
245 0 _aਭਗਤ ਨਾਮਦੇਵ
_b ਜੀਵਨ ਅਤੇ ਬਾਣੀ
260 _aਅੰਮ੍ਰਿਤਸਰ
_b ਵਾਰਿਸ Fਾਹ
_c2013
300 _a128ਪੰ
_ccm.
650 _aਹਿੰਦੀ ਸਾਹਿਤ
942 _hO152,1G70:g, 153Q3
_cTEXL
_2CC
999 _c297888
_d297888